|
|
|
|
| LEADER |
00000nab a2200000 a 4500 |
| 001 |
vtls000477578 |
| 003 |
SK-MaSNL |
| 005 |
20260507043150.0 |
| 008 |
160202c1993 xo 0 hun |
| 015 |
|
|
|a SNBRB19rr/mm-uuuuu
|
| 035 |
|
|
|a CL0477712
|
| 040 |
|
|
|a SNKBUCL
|b slo
|c SNKBUCL
|e AACR2
|
| 041 |
0 |
|
|a hun
|
| 044 |
|
|
|a xo
|c SK
|
| 080 |
|
|
|a 323.1(=894.5):061.3
|2 1981
|
| 100 |
1 |
|
|a Koncsol, László,
|d 1936-2023
|4 aut
|9 207344
|
| 245 |
1 |
0 |
|a Rokonaink földjén 2
|c László Koncsol, Éva Dusik L.
|
| 300 |
|
|
|b Fotogr. 1
|
| 500 |
|
|
|a Dokončenie
|
| 650 |
0 |
7 |
|a Ugrofíni
|2 snkbucl
|9 101268
|
| 655 |
|
7 |
|a články z novín a časopisov
|2 snkbucl
|9 267496
|
| 700 |
1 |
|
|a Lacza, Éva,
|d 1951-
|4 aut
|9 103333
|
| 773 |
0 |
|
|t A Hét
|g Roč. 38, č. 5 (1993), s. 2-3
|
| 850 |
|
|
|a Slovenská národná knižnica v Martine
|a MTA001
|
| 852 |
|
|
|a SNK
|b KIS3GCP
|
| 958 |
|
|
|a RK
|
| 958 |
|
|
|a HU
|
| 992 |
|
|
|a RBX
|
| 999 |
|
|
|c 2515439
|d 2517369
|